Statystyki dla Zwycięzcy Ligi Mistrzów - trenerzy

Kliknij tutaj aby rozwiązać quiz!

Ogólne statystyki

  • Ten quiz został rozwiązany 54 razy
  • Średni wynik to 21 z 31

Statystyki odpowiedzi

HintOdpowiedź% Poprawnych
2011Pep Guardiola
100%
2023Pep Guardiola
100%
2009Pep Guardiola
100%
2019Jürgen Klopp
98%
2007Carlo Ancelotti
96%
2014Carlo Ancelotti
96%
2003Carlo Ancelotti
96%
2022Carlo Ancelotti
96%
2018Zinédine Zidane
94%
2017Zinédine Zidane
94%
2016Zinédine Zidane
94%
2021Thomas Tuchel
88%
2004José Mourinho
84%
2010José Mourinho
84%
2020Hans-Dieter Flick
78%
1999Sir Alex Ferguson
78%
2008Sir Alex Ferguson
78%
2015Luis Enrique
76%
2013Jupp Heynckes
61%
1998Jupp Heynckes
61%
2005Rafael Benítez
59%
2006Frank Rijkaard
43%
2012Roberto Di Matteo
41%
2002Vicente del Bosque
35%
2000Vicente del Bosque
35%
1995Louis van Gaal
31%
1994Fabio Capello
22%
1996Marcello Lippi
18%
2001Ottmar Hitzfeld
16%
1997Ottmar Hitzfeld
16%
1993Raymond Goethals
2%

Rozkład punktacji

Percentyl według liczby udzielonych odpowiedzi

Procent ludzi z każdym wynikiem

Twoja historia wyników

Nie rozwiązałeś tego quizu